Дело по представлению вице-призедента Московской медико-хирургической академии о награждении помощников инспектора Корша, П.И. М...

Доступно только в Электронных читальных залах Найти на картеНа карте
RUSMARC
00004247nmc2a2200000 x 450
0016d92412e-016c-4c0d-8b5e-9829f32df70e
00520151215085210.0
100##$a20150818l18131814k l0rusy0189 ca
1010#$arus
102##$aRU
2001#$aДело по представлению вице-призедента Московской медико-хирургической академии о награждении помощников инспектора Корша, П.И. Мироля и И.Х. де Сент-Мари, за отличную службу и в связи с утратой всего их имущества во время оккупации Москвы
$j3 марта 1813 г. - 12 октября 1814 г.
251##$cДело
300##$aДело
300##$aОриг. заголовок дела: Дело по представлению вице-призедента Медико-хирургической академии о награждении инспекторских помощников московского отделения Корши, Мироля и С-Мари чинами и деньгами. Начато 3 марта 1813 г
801#0$aRU
$bРГИА
$c20150818
$gRCR
801#1$aRU
$bГлавНИВЦ
$c20150818
$2rusmarc
801#2$aRU
$bПБ им. Б.Н. Ельцина
$c20151215
$gRCR
$2rusmarc
850##$aРГИА
852##$aРГИА
$eФедеральное казенное учреждение "Российский государственный исторический архив" (РГИА)
$j41
937##$hРГИА
$d12085741
$aASBIBLIO_SCAN
462#0$100110dcdccd-ec79-4ee8-a204-b9d031b41c04
$12001
$aМедицинские дела Департамента народного просвещения
$1251
$cОпись
$1852
$j99
461#0$1001a74412a3-3cc5-4d21-8f0a-dfe2fbd9e72d
$12001
$aДепартамент народного просвещения Министерства народного просвещения
$1251
$cФонд
$1852
$j733
215##$a9 л.
$d36,5x26 см
371##$aДокумент не является опубликованным и широко распространяемым
105##$aу###
1222#$ad
5171#$aДело по представлению вице-призедента Медико-хирургической академии о награждении инспекторских помощников московского отделения Корши, Мироля и С-Мари чинами и деньгами. Начато 3 марта 1813 г
035##$a6d92412e-016c-4c0d-8b5e-9829f32df70e
Формат отображения